000 00299nam a22001217a 4500
008 180220b xxu||||| |||| 00| 0 eng d
041 _aeng
080 _a591
100 _a7
101 _aZOO
245 _aFundamentals of Comparative Embryology of the Vertebrates
_cHuettner, A.F
942 _2udc
_cBK
999 _c42863
_d42863